Adaptation - The Weeknd Lyrics - Statistics

General Stats
  • This quiz has been taken 80 times
  • The average score is 207 of 254
Answer Stats
Hint Lyrics % Correct
a
96%
the
96%
you
96%
You
96%
be
92%
been
92%
can
92%
for
92%
For
92%
go
92%
head
92%
I
92%
it
92%
It's
92%
it's
92%
man
92%
my
92%
on
92%
see
92%
So
92%
so
92%
thousand
92%
to
92%
Intro When
92%
your
92%
down,
88%
down
88%
far
88%
how
88%
know
88%
lay
88%
sun
88%
Then
88%
then
88%
up,
88%
up
88%
what
88%
without
88%
become
85%
beds
85%
goes
85%
have
85%
himself
85%
is
85%
love
85%
Love
85%
Now
85%
only
85%
think
85%
you're
85%
adapted
81%
V2 Adapted
81%
anyway
81%
C But
81%
but
81%
face
81%
fun
81%
heart
81%
I'll
81%
lead
81%
let
81%
life
81%
little
81%
lost
81%
made
81%
might
81%
myself
81%
never
81%
of
81%
okay
81%
one
81%
searching
81%
She
81%
stay
81%
test
81%
that
81%
won't
81%
all
77%
anyone
77%
away
77%
chose
77%
comes
77%
embrace
77%
fame
77%
in
77%
place
77%
realized
77%
rest
77%
us
77%
awake,
73%
days
73%
gave
73%
held
73%
madness
73%
our
73%
take
73%
bottle
69%
just
69%
these
69%
trade
69%
unlike
69%
who's
69%
could've
65%
models
65%
piece
65%
sorrows
65%
stayed
65%
They
65%
tomorrow
65%
burn
62%
clean,
62%
like
62%
their
62%
And
58%
and
58%
pure
58%
pure,
58%
lie
54%
tear
54%
'til
54%
water
54%
fair
50%
that's
50%
as
46%
She's
46%
War
46%
morals
42%
offered
38%
opposed
38%
uncut
38%
C Because
35%
raw
35%
No matching quizzes found
Score Distribution
Percent of People with Each Score
Percentile by Number Answered
Your Score History
You have not taken this quiz